[Event "Wch FIDE Online U16 Europe qual"]
[Site "Tornelo INT"]
[Date "2020.12.08"]
[Round "5"]
[White "Cilek, Bora"]
[Black "Fecker, Noah"]
[Result "1-0"]
[WhiteElo "2125"]
[BlackElo "2087"]
[PlyCount "103"]
[EventDate "2020.12.07"]
[EventType "swiss (rapid)"]
[EventRounds "7"]
[EventCountry "ISS"]
[SourceTitle "EXT 2022"]
[Source "ChessBase"]
[SourceDate "2021.10.06"]
[SourceVersion "1"]
[SourceVersionDate "2021.10.06"]
[SourceQuality "1"]

1. Nf3 c5 2. c4 Nc6 3. Nc3 e5 4. e3 Nf6 5. d4 cxd4 6. exd4 e4 7. Ne5 Bb4 8. c5 d6 9. Nxc6 bxc6 10. cxd6 Qxd6 11. Be2 0-0 12. 0-0 Bf5 13. Be3 Rfd8 14. Rc1 Nd5 15. Nxd5 cxd5 16. a3 Ba5 17. b4 Bb6 18. Qb3 Qg6 19. Rfd1 Bg4 20. Bxg4 Qxg4 21. a4 Rd6 22. a5 Bd8 23. Rc5 Be7 24. h3 Qf5 25. Rdc1 Rad8 26. Rc6 Qd7 27. Rc7 Qe8 28. Bf4 Re6 29. b5 g5 30. Bh2 Bf6 31. Be5 Bxe5 32. dxe5 d4 33. b6 axb6 34. axb6 d3 35. b7 d2 36. Rd1 Rxe5 37. Rxd2 Rb8 38. Rdd7 Re6 39. Qe3 h6 40. g3 Rf6 41. Qd4 e3 42. Qxe3 Re6 43. Qd4 Re1+ 44. Kh2 Re4 45. Qf6 Re6 46. Qxf7+ Qxf7 47. Rxf7 Rb6 48. Rfd7 Rf6 49. Rc8+ Rf8 50. Rdc7 Rxb7 51. Rxf8+ Kxf8 52. Rxb7 1-0

[Event "Wch FIDE Online U16 Europe qual"]
[Site "Tornelo INT"]
[Date "2020.12.08"]
[Round "3"]
[White "Cilek, Bora"]
[Black "Garrido Outon, Alex"]
[Result "0-1"]
[WhiteElo "2125"]
[BlackElo "1723"]
[PlyCount "78"]
[EventDate "2020.12.07"]
[EventType "swiss (rapid)"]
[EventRounds "7"]
[EventCountry "ISS"]
[SourceTitle "EXT 2022"]
[Source "ChessBase"]
[SourceDate "2021.10.06"]
[SourceVersion "1"]
[SourceVersionDate "2021.10.06"]
[SourceQuality "1"]

1. Nf3 Nf6 2. c4 g6 3. g3 Bg7 4. Bg2 0-0 5. 0-0 d6 6. d4 Nc6 7. Nc3 a6 8. Bf4 h6 9. d5 Na5 10. Qd3 c5 11. dxc6 Nxc6 12. Rad1 Bf5 13. e4 Bg4 14. h3 Bxf3 15. Qxf3 Nd7 16. Qe2 Rc8 17. Qd2 Kh7 18. Be3 Qa5 19. f4 Nc5 20. Nd5 Qxa2 21. Ra1 Qxb2 22. Qxb2 Bxb2 23. Rab1 Bd4 24. Bxd4 Nxd4 25. Nxe7 Rce8 26. Nd5 Kg7 27. Rfe1 Nc6 28. Rb6 a5 29. Kh2 a4 30. Ra1 Ra8 31. Rb5 Ra5 32. e5 dxe5 33. Rxa5 Nxa5 34. fxe5 Nxc4 35. Rc1 b5 36. Nc7 Nb3 37. Rc3 a3 38. Rxb3 a2 39. Rxb5 a1Q 0-1

[Event "Wch FIDE Online U16 Europe qual"]
[Site "Tornelo INT"]
[Date "2020.12.08"]
[Round "4"]
[White "Collins, Adam"]
[Black "Cilek, Bora"]
[Result "0-1"]
[WhiteElo "1630"]
[BlackElo "2125"]
[PlyCount "94"]
[EventDate "2020.12.07"]
[EventType "swiss (rapid)"]
[EventRounds "7"]
[EventCountry "ISS"]
[SourceTitle "EXT 2022"]
[Source "ChessBase"]
[SourceDate "2021.10.06"]
[SourceVersion "1"]
[SourceVersionDate "2021.10.06"]
[SourceQuality "1"]

1. e4 c5 2. c3 Nf6 3. e5 Nd5 4. d4 cxd4 5. Nf3 Nc6 6. Bc4 Nb6 7. Bb3 d6 8. cxd4 dxe5 9. d5 Na5 10. Nc3 Nxb3 11. Qxb3 e6 12. dxe6 Bxe6 13. Qb5+ Qd7 14. Nxe5 Qxb5 15. Nxb5 Nd5 16. Bd2 Bc5 17. 0-0 a6 18. Nc3 Nxc3 19. Bxc3 0-0 20. Rfd1 Rfd8 21. Ba5 b6 22. Bc3 b5 23. a3 Bb3 24. Rxd8+ Rxd8 25. h3 f6 26. Nf3 Kf7 27. Re1 Rd6 28. Nd2 Bd5 29. Ne4 Bxe4 30. Rxe4 Rd1+ 31. Re1 Rd3 32. Re2 Bxa3 33. Bxf6 gxf6 34. bxa3 Rxa3 35. Rc2 b4 36. Rc7+ Kg6 37. Rb7 a5 38. g4 Rxh3 39. Rb5 Ra3 40. f4 b3 41. Kf2 a4 42. Kg3 b2+ 43. Kh4 Rb3 44. Ra5 b1Q 45. f5+ Kh6 46. g5+ fxg5+ 47. Kg4 Qe4# 0-1